| 000 | 00894nam a22002297a 4500 | ||
|---|---|---|---|
| 005 | 20100406152246.0 | ||
| 008 | 100406t xxu||||| |||| 00| 0 eng d | ||
| 010 | _aENG-95974 | ||
| 020 |
_a9788131728093 _c399.00 |
||
| 035 | _aEN-79507 | ||
| 037 | _bDBAD/VEN | ||
| 040 | _aDPL | ||
| 082 | _a547 | ||
| 100 | _aSingh, D.N. | ||
| 245 |
_aBasic concepts of organic chemistry : _cby D.N.Singh _bfor competitive examinations / |
||
| 260 |
_aNew Delhi _bDorling Kindersley (India) Pvt. Ltd. Licensees of Pearson Education _c2010 |
||
| 270 |
_a14, Local Shopping Centre, Panchsheel Park _bNew Delhi _e110017 |
||
| 300 |
_av, 561p. ; _c24 cm. (Pbk) |
||
| 942 |
_2ddc _cEN _mSIN _h547 |
||
| 999 |
_c35110 _d35110 |
||